El ingenioso hidalgo Miguel de Cervantes Saavedra (Registro nro. 287)

Detalles MARC
000 -CABECERA
Longitud fija campo de control 00600nam a22002051 4500
001 - NÚMERO DE CONTROL
Número de control bimo0001226011
003 - IDENTIFICADOR DELl NÚMERO DE CONTROL
Identificador del número de control OSt
005 - FECHA Y HORA DE LA ÚLTIMA TRANSACCIÓN
Fecha y hora de la última transacción 20140731213003.0
008 - CÓDIGOS DE INFORMACIÓN DE LONGITUD FIJA
Códigos de información de longitud fija 940725s1960 sp spa
040 ## - FUENTE DE LA CATALOGACIÓN
Centro catalogador de origen SpMaBN
Centro transcriptor BMC
082 ## - NÚMERO DE LA CLASIFICACIÓN DECIMAL DEWEY
Número de edición 920 Miguel de Cervantes
100 ## - PUNTO DE ACCESO PRINCIPAL-NOMBRE DE PERSONA
Nombre de persona Navarro y Ledesma, F.
Fechas asociadas al nombre 1869-1905
9 (RLIN) 345
245 13 - MENCIÓN DE TÍTULO
Título El ingenioso hidalgo Miguel de Cervantes Saavedra
Mención de responsabilidad, etc. Francisco Navarro y Ledesma
250 ## - MENCIÓN DE EDICIÓN
Mención de edición 3ª ed
260 0# - PUBLICACIÓN, DISTRIBUCIÓN, ETC. (PIE DE IMPRENTA)
Lugar de publicación, distribución, etc. Madrid
Nombre del editor, distribuidor, etc. Espasa-Calpe
Fecha de publicación, distribución, etc. 1960
300 ## - DESCRIPCIÓN FÍSICA
Extensión 348 p.
Dimensiones 18 cm
490 0# - MENCIÓN DE SERIE
Mención de serie Austral
Designación de volumen o secuencia 401
600 ## - PUNTO DE ACCESO ADICIONAL DE MATERIA - NOMBRE DE PERSONA
9 (RLIN) 63
Nombre de persona Cervantes Saavedra, Miguel
Fechas asociadas al nombre 1547-1616
942 ## - ENTRADA DE ELEMENTOS AGREGADOS (KOHA)
Fuente de clasificaión o esquema Dewey Decimal Classification
Koha [por defecto] tipo de item 1- Monografias
Existencias
Suprimido Perdido Fuente de clasificación o esquema Estropeado Restricciones de uso No para préstamo Código de colección Localización permanente Localización actual Localización en estanter&íacute;as Fecha adquisición Fuente de adquisición Número de inventario Préstamos totales Signatura completa Código de barras Fecha última consulta Coste, precio reemplazado Fecha del precio de reemplazo Tipo de item de Koha
NULL NULL Dewey Decimal Classification NULL Prestable NULL NULL Biblioteca Miguel de Cervantes - UNICAES Biblioteca Miguel de Cervantes - UNICAES Sala Principal 17/07/1998 Donación - Marco René Revelo 000275   920 NAV ing 1000275 26/04/2013 11.99 26/04/2013 1- Monografias